Evaluación de indicadores de rendimiento académico de los cursos profesionales de la carrera de (Registro nro. 2726)

Detalles MARC
000 -LEADER
campo de control de longitud fija 02455nam a22003497a 4500
001 - NÚMERO DE CONTROL
campo de control 42835
003 - IDENTIFICADOR DE NÚMERO DE CONTROL
campo de control gtgccic
005 - FECHA Y HORA DE LA ÚLTIMA TRANSACCIÓN
campo de control 20260316104721.0
007 - CAMPO FIJO DE DESCRIPCIÓN FÍSICA--INFORMACIÓN GENERAL
campo de control de longitud fija ta
008 - DATOS DE LONGITUD FIJA--INFORMACIÓN GENERAL
campo de control de longitud fija 260316b gt ||||| |||| 00| 0 spa d
040 ## - FUENTE DE CATALOGACIÓN
Centro catalogador/agencia de origen gtgccic
Lengua de catalogación spa
Centro/agencia transcriptor gtgccic
Normas de descripción rda
084 ## - OTRO NÚMERO DE CLASIFICACIÓN
Número de control del registro de autoridad o número normalizado TPI-18-0139
100 10 - ENTRADA PRINCIPAL--NOMBRE DE PERSONA
Nombre de persona Francisco Bernardo Raúl de la Rosa
Fechas asociadas al nombre Licenciado en Matemática Aplicada
Término indicativo de función/relación autor
245 10 - MENCIÓN DEL TÍTULO
Título Evaluación de indicadores de rendimiento académico de los cursos profesionales de la carrera de
Resto del título Ingeniería Civil de la Facultad de Ingeniería, USAC 2010-2015 /
Mención de responsabilidad, etc. de la Rosa, Francisco Bernardo Raúl
264 #1 - PRODUCCIÓN, PUBLICACIÓN, DISTRIBUCIÓN, FABRICACIÓN Y COPYRIGHT
Producción, publicación, distribución, fabricación y copyright Guatemala :
Nombre del de productor, editor, distribuidor, fabricante USAC, Facultad de Ingeniería ;
Fecha de producción, publicación, distribución, fabricación o copyright 2018.-
300 ## - DESCRIPCIÓN FÍSICA
Extensión 66 p. :
Otras características físicas il. ;
Dimensiones 28 cm
336 ## - TIPO DE CONTENIDO
Fuente rdacontenido
Término de tipo de contenido Texto
Código de tipo de contenido txt
337 ## - TIPO DE MEDIO
Fuente rdamedio
Nombre/término del tipo de medio sin mediación
Código del tipo de medio n
338 ## - TIPO DE SOPORTE
Fuente rdasoporte
Nombre/término del tipo de soporte volumen
Código del tipo de soporte nc
502 ## - NOTA DE TESIS
Nota de tesis Tesis Postgrado
Tipo de título MAESTRO EN ESTADÍSTICA APLICADA
Nombre de la institución que otorga el título USAC, Facultad de Ingeniería, Escuela de Postgrado
Año de obtención del título 2018
Identificador de la tesis TPI-18-0139
504 ## - NOTA DE BIBLIOGRAFÍA, ETC.
Nota de bibliografía, etc. Nota Bibliografía pag. 63
505 ## - NOTA DE CONTENIDO CON FORMATO
Título 1. MARCO REFERENCIAL
505 ## - NOTA DE CONTENIDO CON FORMATO
Título 2. MARCO TEÓRICO (Indicadores)
505 ## - NOTA DE CONTENIDO CON FORMATO
Título 3. PRESENTACIÓN DE RESULTADOS (Estadísticas descriptivas generales)
505 ## - NOTA DE CONTENIDO CON FORMATO
Título 4. DISCUSIÓN DE RESULTADOS (Estadísticas descriptivas)
520 #3 - RESUMEN, ETC.
Sumario, etc. En este trabajo de graduación se analizó el comportamiento de los indicadores del rendimiento académico (nota promedio, porcentaje de aprobación y nota final) y el avance por créditos de los cursos profesionales de la carrera de Ingeniería Civil de la Facultad de Ingeniería de la Universidad de San Carlos, durante los años 2010 a 2015.<br/>Se calculó la nota promedio de los cursos agrupados por área, durante los años estudiados y se observó que existe una diferencia entre el comportamiento de dichos promedios en los semestres regulares y los mismos en los cursos de vacaciones. En el período de vacaciones se observa que los valores de la nota promedio, en general, es mayor. Una excepción es el área de Topografía y transportes donde no se disponía de datos en los cursos de vacaciones. Este análisis se realizó gráficamente, ya que dadas las características de estos indicadores (no normalidad, no homogeneidad de varianzas, población pequeña n=6), no hacia viable la aplicación de la prueba de Kruskal-Wallis.
650 ## - PUNTO DE ACCESO ADICIONAL DE MATERIA--TÉRMINO DE MATERIA
Término de materia o nombre geográfico como elemento de entrada CURSOS
650 ## - PUNTO DE ACCESO ADICIONAL DE MATERIA--TÉRMINO DE MATERIA
Término de materia o nombre geográfico como elemento de entrada INGENIERÍA CIVIL
700 ## - ENTRADA AGREGADA--NOMBRE PERSONAL
Nombre de persona Mtro. Edwin Adalberto Bracamonte Orzco
Término indicativo de función/relación asesor
942 ## - ELEMENTOS DE ENTRADA SECUNDARIOS (KOHA)
Fuente de la clasificación o esquema de estantería Clasificación Decimal Dewey
Tipo de ítem Koha TESISPOSTGRADO
945 ## - PROCESAMIENTO DE INFORMACIÓN LOCAL (OCLC)
a amlo
Existencias
Estatus retirado Estado de pérdida Fuente de la clasificación o esquema de estantería Estado de daño No para préstamo Biblioteca de origen Biblioteca actual Fecha de adquisición Número de inventario Total de préstamos Signatura topográfica completa Código de barras Visto por última vez Precio de reemplazo Tipo de ítem Koha Nota pública
    Clasificación Decimal Dewey     CENTRO DE INFORMACIÓN A LA CONSTRUCCIÓN-CICON CENTRO DE INFORMACIÓN A LA CONSTRUCCIÓN-CICON 16/03/2026 P20180139   TPI-18-0139 20180139 16/03/2026 16/03/2026 TESISPOSTGRADO disponible